000
00283nam a22001337a 4500
999
_c
528101
_d
528101
003
NUST
038
_a
M.Ramzan
082
_a
388.324
_b
TRB
100
_a
TRB
_9
19556
245
_a
large Truks /
_c
TRB
260
_a
Washington
_b
TRB
_c
1989
300
_a
316 p, :
_c
25cm
942
_2
ddc
_c
BK